Využitie nástroja business intelligence v konkrétnom podniku diplomová práca

Salvato in:
Dettagli Bibliografici
Autore principale: Stümpelová, Dominika
Ente Autore: Fakulta podnikového manažmentu EU. Katedra informačného manažmentu
Altri autori: Bolek, Vladimír, 1988-
Natura: Libro
Lingua:slovacco
Pubblicazione: Bratislava 2025
Tags: Aggiungi Tag
Nessun Tag, puoi essere il primo ad aggiungerne!!

MARC

LEADER 00000nbm a2200000 4500
001 0309715
005 20260114093252.1
041 0 |a slo 
044 |a SK 
245 1 0 |a Využitie nástroja business intelligence v konkrétnom podniku  |b diplomová práca  |c Dominika Stümpelová ; školiteľ: Vladimír Bolek 
264 1 |a Bratislava  |c 2025 
300 |a 56 s. 
100 1 |a Stümpelová, Dominika 
700 1 |a Bolek, Vladimír, 1988- 
710 2 |a Fakulta podnikového manažmentu EU. Katedra informačného manažmentu